000 00793nam a2200229Ia 4500
003 OSt
005 20220923220943.0
006 a|||||r|||| 00| 0
007 ta
008 220922b |||||||| |||| 00| 0 hin d
024 _a192,662
037 _cTextual
040 _aARTS
_cARTS
_bhin
041 _2hin
_ahin
082 _aU8:2MH:N, 152H1
100 _aसान्याल, प्रबोध कुमार
245 0 _aमहाप्रस्थान के पथ पर, अनु हरिकृष्ण त्रिवेदी
246 _ahināprasthān ke path para, anu0 harikṛuṣhṇa trivedī
260 _c1941
942 _hU8:2MH:N, 152H1
_cTEXL
_2CC
999 _c345234
_d345234